<?xml version="1.0" encoding="UTF-8"?>
<record
    xmlns:xsi="http://www.w3.org/2001/XMLSchema-instance"
    xsi:schemaLocation="http://www.loc.gov/MARC21/slim http://www.loc.gov/standards/marcxml/schema/MARC21slim.xsd"
    xmlns="http://www.loc.gov/MARC21/slim">

  <leader>00861nam a22002297a 4500</leader>
  <controlfield tag="005">20211022124138.0</controlfield>
  <controlfield tag="008">211022b           ||||| |||| 00| 0 eng d</controlfield>
  <datafield tag="020" ind1=" " ind2=" ">
    <subfield code="a">8193990612</subfield>
  </datafield>
  <datafield tag="040" ind1=" " ind2=" ">
    <subfield code="c">AL</subfield>
  </datafield>
  <datafield tag="041" ind1=" " ind2=" ">
    <subfield code="a">kan</subfield>
  </datafield>
  <datafield tag="082" ind1=" " ind2=" ">
    <subfield code="2">23</subfield>
    <subfield code="a">K894.1</subfield>
    <subfield code="b">CHIK</subfield>
  </datafield>
  <datafield tag="100" ind1=" " ind2=" ">
    <subfield code="a">K Chinnappa Gowda: &#xC95;&#xCC6; &#xC9A;&#xCBF;&#xCA8;&#xCCD;&#xCA8;&#xCAA;&#xCCD;&#xCAA; &#xC97;&#xCCC;&#xCA1; </subfield>
    <subfield code="9">1540</subfield>
  </datafield>
  <datafield tag="245" ind1=" " ind2=" ">
    <subfield code="a">Kittale Hannalla: &#xC95;&#xCBF;&#xCA4;&#xCCD;&#xCA4;&#xCB3;&#xCC6; &#xCB9;&#xCA3;&#xCCD;&#xCA3;&#xCB2;&#xCCD;&#xCB2; </subfield>
  </datafield>
  <datafield tag="260" ind1=" " ind2=" ">
    <subfield code="a">Mangaluru</subfield>
    <subfield code="b">Akrati Ashaya Publications</subfield>
    <subfield code="c">2019</subfield>
  </datafield>
  <datafield tag="300" ind1=" " ind2=" ">
    <subfield code="a">67 p.</subfield>
    <subfield code="b">PB</subfield>
    <subfield code="c">21x14 cm.</subfield>
  </datafield>
  <datafield tag="365" ind1=" " ind2=" ">
    <subfield code="a">0104</subfield>
    <subfield code="b">63.75</subfield>
    <subfield code="c">&#x20B9;</subfield>
    <subfield code="d">75.00</subfield>
    <subfield code="e">15%</subfield>
    <subfield code="f">11-10-2021</subfield>
  </datafield>
  <datafield tag="650" ind1=" " ind2=" ">
    <subfield code="a">Kannada Poetry: &#xC95;&#xCA8;&#xCCD;&#xCA8;&#xCA1; &#xC95;&#xCB5;&#xCA8; </subfield>
    <subfield code="9">1541</subfield>
  </datafield>
  <datafield tag="650" ind1=" " ind2=" ">
    <subfield code="a">Kannada Literature: &#xC95;&#xCA8;&#xCCD;&#xCA8;&#xCA1; &#xCB8;&#xCBE;&#xCB9;&#xCBF;&#xCA4;&#xCCD;&#xCAF; </subfield>
    <subfield code="9">1542</subfield>
  </datafield>
  <datafield tag="650" ind1=" " ind2=" ">
    <subfield code="a">&#xC95;&#xCB5;&#xCA8; &#xCB8;&#xC82;&#xC95;&#xCB2;&#xCA8; </subfield>
    <subfield code="9">1543</subfield>
  </datafield>
  <datafield tag="700" ind1=" " ind2=" ">
    <subfield code="a">GOWDA (K Chinnappa): &#xC97;&#xCCC;&#xCA1; (&#xC95;&#xCC6; &#xC9A;&#xCBF;&#xCA8;&#xCCD;&#xCA8;&#xCAA;&#xCCD;&#xCAA;)</subfield>
    <subfield code="9">1544</subfield>
  </datafield>
  <datafield tag="942" ind1=" " ind2=" ">
    <subfield code="2">ddc</subfield>
    <subfield code="c">BK</subfield>
  </datafield>
  <datafield tag="999" ind1=" " ind2=" ">
    <subfield code="c">216646</subfield>
    <subfield code="d">216646</subfield>
  </datafield>
  <datafield tag="952" ind1=" " ind2=" ">
    <subfield code="0">0</subfield>
    <subfield code="1">0</subfield>
    <subfield code="2">ddc</subfield>
    <subfield code="4">0</subfield>
    <subfield code="7">0</subfield>
    <subfield code="8">KAN</subfield>
    <subfield code="a">AL</subfield>
    <subfield code="b">AL</subfield>
    <subfield code="d">2021-10-21</subfield>
    <subfield code="e">Dr K Chinnappa Gowda, Asaigoli, Mangaluru-574199</subfield>
    <subfield code="g">63.75</subfield>
    <subfield code="l">1</subfield>
    <subfield code="o">K894.1 CHIK</subfield>
    <subfield code="p">075044</subfield>
    <subfield code="r">2022-05-04 00:00:00</subfield>
    <subfield code="s">2022-04-27</subfield>
    <subfield code="v">75.00</subfield>
    <subfield code="w">2021-10-22</subfield>
    <subfield code="y">BK</subfield>
  </datafield>
  <datafield tag="952" ind1=" " ind2=" ">
    <subfield code="0">0</subfield>
    <subfield code="1">0</subfield>
    <subfield code="2">ddc</subfield>
    <subfield code="4">0</subfield>
    <subfield code="7">0</subfield>
    <subfield code="8">KAN</subfield>
    <subfield code="a">AL</subfield>
    <subfield code="b">AL</subfield>
    <subfield code="d">2021-10-21</subfield>
    <subfield code="e">Dr K Chinnappa Gowda, Asaigoli, Mangaluru-574199</subfield>
    <subfield code="g">63.75</subfield>
    <subfield code="l">0</subfield>
    <subfield code="o">K894.1 CHIK</subfield>
    <subfield code="p">075045</subfield>
    <subfield code="r">2021-10-22 00:00:00</subfield>
    <subfield code="v">75.00</subfield>
    <subfield code="w">2021-10-22</subfield>
    <subfield code="y">BK</subfield>
  </datafield>
</record>
